<?xml version="1.0" encoding="UTF-8"?>
<collection xmlns="http://www.loc.gov/MARC21/slim">
 <record>
  <leader>01450na  a2200373   4500</leader>
  <controlfield tag="001">000031275</controlfield>
  <controlfield tag="003">5914</controlfield>
  <controlfield tag="005">20241119153219.0</controlfield>
  <controlfield tag="008">151001s2013                  000   vie</controlfield>
  <datafield tag="040" ind1=" " ind2=" ">
   <subfield code="a">LNN</subfield>
  </datafield>
  <datafield tag="041" ind1=" " ind2=" ">
   <subfield code="a">vie</subfield>
  </datafield>
  <datafield tag="082" ind1=" " ind2=" ">
   <subfield code="a">959.7306</subfield>
   <subfield code="a">HO-A</subfield>
  </datafield>
  <datafield tag="100" ind1=" " ind2=" ">
   <subfield code="a">Hồ Thị Vân Anh</subfield>
  </datafield>
  <datafield tag="245" ind1=" " ind2="0">
   <subfield code="a">Tết và những nét đặc trưng văn hóa tết nguyên đán của người VN /</subfield>
   <subfield code="c">Hồ Thị Vân Anh.</subfield>
  </datafield>
  <datafield tag="246" ind1=" " ind2=" ">
   <subfield code="a">Luan văn tot nghiep</subfield>
  </datafield>
  <datafield tag="260" ind1=" " ind2=" ">
   <subfield code="b">ĐHĐN - Trương ĐH ngoai ngữ,</subfield>
   <subfield code="c">2013.</subfield>
  </datafield>
  <datafield tag="300" ind1=" " ind2=" ">
   <subfield code="a">30cm :</subfield>
   <subfield code="b">54tr;.</subfield>
  </datafield>
  <datafield tag="505" ind1=" " ind2=" ">
   <subfield code="a">Luan văn sinh vien</subfield>
   <subfield code="b">Chuyen nghanh Quoc te hoc</subfield>
  </datafield>
  <datafield tag="520" ind1=" " ind2=" ">
   <subfield code="a">Cac le Tet trong năm cua ngươi Viet nam</subfield>
   <subfield code="x">Nhưng dăc trưng văn hoa Tet nguyen đan cua ngươi VN</subfield>
  </datafield>
  <datafield tag="650" ind1=" " ind2=" ">
   <subfield code="a">Văn hoa dan gian</subfield>
   <subfield code="x">Tet nguyen đan</subfield>
   <subfield code="y">Viet nam</subfield>
  </datafield>
  <datafield tag="653" ind1="5" ind2="3">
   <subfield code="a">Hồ Thị Vân Anh, 2013, tết nguyên đán, việt nam, văn hóa</subfield>
  </datafield>
  <datafield tag="700" ind1=" " ind2=" ">
   <subfield code="a">TS.Trinh Thi Thai Hoa</subfield>
   <subfield code="b">hương dan</subfield>
  </datafield>
  <datafield tag="852" ind1=" " ind2=" ">
   <subfield code="c">Luận văn sinh viên QTH</subfield>
  </datafield>
  <datafield tag="OWN" ind1=" " ind2=" ">
   <subfield code="a">LNN</subfield>
  </datafield>
  <datafield tag="AVA" ind1=" " ind2=" ">
   <subfield code="a">UDN50</subfield>
   <subfield code="b">LNN</subfield>
   <subfield code="d">959.7306 HÔ-A</subfield>
   <subfield code="e">available</subfield>
   <subfield code="t">Error 5001 Not defined in file expand_doc_bib_avail.</subfield>
   <subfield code="f">3</subfield>
   <subfield code="g">0</subfield>
   <subfield code="h">N</subfield>
   <subfield code="i">0</subfield>
  </datafield>
  <datafield tag="999" ind1=" " ind2=" ">
   <subfield code="a">From the UDN01</subfield>
  </datafield>
  <datafield tag="AVA" ind1=" " ind2=" ">
   <subfield code="a">UDN50</subfield>
   <subfield code="b">LNN</subfield>
   <subfield code="d">959.7306 HÔ-A</subfield>
   <subfield code="e">available</subfield>
   <subfield code="t">Error 5001 Not defined in file expand_doc_bib_avail.</subfield>
   <subfield code="f">3</subfield>
   <subfield code="g">0</subfield>
   <subfield code="h">N</subfield>
   <subfield code="i">0</subfield>
  </datafield>
  <datafield tag="TYP" ind1=" " ind2=" ">
   <subfield code="a">Printed language</subfield>
  </datafield>
  <datafield tag="980" ind1=" " ind2=" ">
   <subfield code="a">Mạng thư viện Đại học Đà Nẵng</subfield>
  </datafield>
 </record>
</collection>
